Tumaini / (Record no. 16596)
[ view plain ]
| 000 -LEADER | |
|---|---|
| fixed length control field | 00449nam a22001697a 4500 |
| 003 - CONTROL NUMBER IDENTIFIER | |
| control field | OSt |
| 005 - DATE AND TIME OF LATEST TRANSACTION | |
| control field | 20171102114416.0 |
| 008 - FIXED-LENGTH DATA ELEMENTS--GENERAL INFORMATION | |
| fixed length control field | 171102b xxu||||| |||| 00| 0 eng d |
| 020 ## - INTERNATIONAL STANDARD BOOK NUMBER | |
| International Standard Book Number | 9966703950 |
| 040 ## - CATALOGING SOURCE | |
| Original cataloging agency | KABU |
| Transcribing agency | KABU |
| 050 ## - LIBRARY OF CONGRESS CALL NUMBER | |
| Classification number | PL8704 |
| Item number | .M66T86 2006 |
| 100 ## - MAIN ENTRY--PERSONAL NAME | |
| Personal name | Momanyi, Clara |
| 245 ## - TITLE STATEMENT | |
| Title | Tumaini / |
| Statement of responsibility, etc. | Clara Momanyi |
| 260 ## - PUBLICATION, DISTRIBUTION, ETC. (IMPRINT) | |
| Place of publication, distribution, etc. | Nairobi |
| Name of publisher, distributor, etc. | Vide-Muwa |
| Date of publication, distribution, etc. | 2006 |
| 300 ## - PHYSICAL DESCRIPTION | |
| Extent | 161 p. |
| 942 ## - ADDED ENTRY ELEMENTS (KOHA) | |
| Source of classification or shelving scheme | Library of Congress Classification |
| Koha item type | General Collection |
| Classification part | PL8704 |
| Item part | .M66T86 2006 |
| Withdrawn status | Lost status | Source of classification or shelving scheme | Not for loan | Home library | Current library | Shelving location | Date acquired | Cost, normal purchase price | Inventory number | Total Checkouts | Full call number | Barcode | Date last seen | Date last checked out | Copy number | Price effective from | Koha item type | Total Renewals |
|---|---|---|---|---|---|---|---|---|---|---|---|---|---|---|---|---|---|---|
| Library of Congress Classification | Kabarak, Main Campus | Kabarak, Main Campus | General Stacks | 02/11/2017 | 488.00 | 2017/0289 | 17 | PL8704 .M66T86 2006 c.1 | 027762 | 18/02/2025 | 05/02/2025 | c.1 | 02/11/2017 | General Collection | ||||
| Library of Congress Classification | Kabarak, Main Campus | Kabarak, Main Campus | General Stacks | 02/11/2017 | 488.00 | 2017/0410 | 30 | PL8704 .M66T86 2006 c.2 | 027813 | 17/02/2025 | 03/02/2025 | c.2 | 02/11/2017 | General Collection | 3 | |||
| Library of Congress Classification | Kabarak, Main Campus | Kabarak, Main Campus | General Stacks | 02/11/2017 | 488.00 | 2017/0409 | 11 | PL8704 .M66T86 2006 c.3 | 027814 | 19/03/2024 | 24/06/2019 | c.3 | 02/11/2017 | General Collection | 1 |